000 00333nam a22001337a 4500
008 180223b xxu||||| |||| 00| 0 eng d
020 _a9780812113518
041 _aeng
080 _23rd
_a611
100 _a7
101 _aANA
245 _aExercise physiology energy, nutrition, and human performance
_cArdle,W.D
942 _2udc
_cBK
999 _c43308
_d43308